| 000 | 00979cam a2200277 4500 | ||
|---|---|---|---|
| 001 | 0000000254 | ||
| 005 | 20170406112507.0 | ||
| 008 | 700911r19681930at m a000 1 eng | ||
| 010 | _a79379634 | ||
| 035 | _a44165 | ||
| 040 |
_aDLC _cDLC _dm.c |
||
| 050 | 0 | 0 |
_aPZ3.R3939 _bF9 _aPR6035.I354 |
| 082 | 0 | _a823 | |
| 100 | 1 |
_aRichardson, Henry Handel, _d1870-1946. |
|
| 245 | 1 | 4 |
_aThe fortunes of Richard Mahony : _bcomprising Australia Felix, The way home, Ultima Thule. / _cWith an introduction by G. A. Wilkes. |
| 260 |
_aPenrith, N.S.W. : _bDiscovery Press, _c[1968] |
||
| 300 |
_a830 p. ; _c21 cm. |
||
| 490 | 0 | _aThe Australian classics. | |
| 500 | _aFirst published by Heinemann, 1930. | ||
| 740 | 0 | 2 | _aAustralia Felix. 1968. |
| 740 | 4 | 2 | _aThe way home. 1968. |
| 740 | 0 | 2 | _aUltima Thule. 1968. |
| 908 | _a131011 | ||
| 913 | _aN | ||
| 989 | 7 | _afortunes_of_richard_mahony_comprising_australftwhuthule__________1968830____dia_______________________________ | |
| 999 |
_c223 _d223 |
||